| 000 | 00895nam a2200277 a 4500 | ||
|---|---|---|---|
| 008 | |||
| 020 | _a0750651849 (pbk.) | ||
| 049 | _aMAIN | ||
| 090 |
_aRC86.8 _bOHS |
||
| 245 | 1 | 0 |
_aOh's intensive care manual / _cedited by Andrew D. Bersten and Neil Soni ; consulting editor Teik E. Oh. |
| 250 | _a5th ed. | ||
| 260 |
_aEdinburgh : _bButterworth Heinemann, _c2003. |
||
| 300 |
_axiii, 1175 p. : _bill. ; _c25 cm. |
||
| 504 | _aIncludes bibliographical references. | ||
| 500 | _aIncludes index. | ||
| 650 |
_aEmergencies _vHandbooks. |
||
| 650 |
_aCritical care _xmethods _vHandbooks. |
||
| 650 |
_aCritical care medicine _vHandbooks, manuals etc. |
||
| 700 | _aSoni, Neil. | ||
| 700 | _aBersten, Andrew D. | ||
| 907 |
_a.b10259211 _b12-11-09 _c12-12-08 |
||
| 003 | |||
| 005 | 20230120204009.0 | ||
| 040 | _cNUST | ||
| 942 |
_cBOOKS _kRC86.8 _mOHS |
||
| 999 |
_c115290 _d115290 |
||